Państwa pijące najwięcej wina - Statystyki

Ogólne statystyki
  • Ten quiz został rozwiązany 8 601 razy
  • Średni wynik to 11 z 20
Statystyki odpowiedzi
Butelki na osobę Państwo % Poprawnych
77,3 Francja
97%
54,2 Włochy
96%
78,9 Portugalia
80%
49,4 Grecja
75%
43,6 Wielka Brytania
64%
59,2 Szwajcaria
62%
40,3 Austria
61%
45,3 Belgia
61%
45,5 Szwecja
55%
42,0 Australia
53%
41,4 Argentyna
49%
48,9 Dania
49%
39,7 Serbia
49%
64,2 Słowenia
49%
61,6 Luksemburg
45%
49,4 Andora
43%
69,0 Mołdawia
38%
52,7 Czarnogóra
36%
49,0 Seszele
3%
50,3 Wyspy Świętego Tomasza i Książęca
2%
Nie znaleziono quizów pasujących do podanych kryteriów
Rozkład punktacji
Procent ludzi z każdym wynikiem
Percentyl według liczby udzielonych odpowiedzi
Twoja historia wyników
Nie rozwiązałeś tego quizu